Informačná infraštruktúra v procese stavebno-technologickej prípravy

Uložené v:
Podrobná bibliografia
Hlavný autor: Bažík, Peter (Autor)
Ďalší autori: Gašparík, Jozef (Vedúci práce)
Médium: Rukopis Kniha
Jazyk:Slovak
Vydavateľské údaje: 2018
Predmet:
On-line prístup:http://is.stuba.sk/zp/portal_zp.pl?podrobnosti=111479
Tagy: Pridať tag
Žiadne tagy, Buďte prvý, kto otaguje tento záznam!

MARC

LEADER 00000ntm a22000003a 4500
001 stuzp42605
003 SK-STU
005 20180901210325.3
007 ta
008 150427s2015----xo-----f-mn---000-0-slo-d
040 |a STU  |b slo 
041 0 |a slo 
100 1 |a Bažík, Peter  |u 010270  |4 aut  |U SvF Stavebná fakulta  |T SvF Katedra technológie stavieb  |X 49118  |U V270  |Y 28  |7 A000049118 
242 0 1 |a Information infrastructure in the process of building planning  |y eng 
245 1 0 |a Informačná infraštruktúra v procese stavebno-technologickej prípravy 
260 |c 2018 
650 4 |a BIM  |2 slo 
650 4 |a výkaz výmer  |2 slo 
650 4 |a rozpočet  |2 slo 
650 4 |a BIM  |2 eng 
650 4 |a Bill of Quantities  |2 eng 
650 4 |a estimate  |2 eng 
700 1 |a Gašparík, Jozef  |u 010270  |k Z1  |4 ths  |U SvF Stavebná fakulta  |T SvF Katedra technológie stavieb  |X 2737  |U V270  |Y 28  |7 A000002737 
856 4 |u http://is.stuba.sk/zp/portal_zp.pl?podrobnosti=111479 
996 |b 284V041476  |c V* 3438/DP-1368  |l VVS  |s P  |a 0  |w stuzp42605_0001